Use of differnt leaves of protein on growth performance of quail at rua, ការប្រើប្រាស់កំរិតប្រូតេអ៊ីនផ្សេងៗគ្នាលើការលូតលាស់របស់ក្រូចនៅសាកលវិទ្យាល័យភូមិន្ទកសិកម្ម (Record no. 2484)

000 -LEADER
fixed length control field 00704nam a22001577a 4500
003 - CONTROL NUMBER IDENTIFIER
control field OSt
005 - DATE AND TIME OF LATEST TRANSACTION
control field 20151021152548.0
008 - FIXED-LENGTH DATA ELEMENTS--GENERAL INFORMATION
fixed length control field 151021b xxu||||| |||| 00| 0 eng d
040 ## - CATALOGING SOURCE
Transcribing agency RUA
082 ## - DEWEY DECIMAL CLASSIFICATION NUMBER
Classification number AVM MAK 2011 B099 Or.1
100 ## - MAIN ENTRY--PERSONAL NAME
9 (RLIN) 2646
Personal name MAK, LEAKENA.
245 ## - TITLE STATEMENT
Title Use of differnt leaves of protein on growth performance of quail at rua, ការប្រើប្រាស់កំរិតប្រូតេអ៊ីនផ្សេងៗគ្នាលើការលូតលាស់របស់ក្រូចនៅសាកលវិទ្យាល័យភូមិន្ទកសិកម្ម
260 ## - PUBLICATION, DISTRIBUTION, ETC. (IMPRINT)
Place of publication, distribution, etc. Phnom Penh
Name of publisher, distributor, etc. RUA
Date of publication, distribution, etc. 2011
300 ## - PHYSICAL DESCRIPTION
Extent ix; 44p.
Other physical details ill.
Dimensions 29cm.
942 ## - ADDED ENTRY ELEMENTS (KOHA)
Source of classification or shelving scheme
Koha item type ATM.s

No items available.

មជ្ឈមណ្ឌលឯការនៃសាកលវិទ្យាល័យភូមិន្ទកសិកម្មចំការដូង

Powered by Koha